| 000 | 01124nam a22003377a 4500 | ||
|---|---|---|---|
| 003 | CHAP | ||
| 005 | 20241112062704.0 | ||
| 008 | 100607s2007 mx a r 00010 spa d | ||
| 010 | _a98629 | ||
| 011 | _a99601 | ||
| 020 | _a9789680204045 | ||
| 035 | _a110287 | ||
| 040 | _cCHAP | ||
| 090 | _aFolleto 17687 | ||
| 100 | 1 | 0 |
_aSchwentesius Rindermann, Rita _9103302 |
| 245 | 1 | 0 |
_aMéxico orgánico : _bexperiencias, reflexiones, propuestas _c/por Rita Schwentesius Rindermann |
| 260 |
_aChapingo, Méx. : _bUACH. CIESTAAM, _c2007 |
||
| 300 |
_a122 p. : _bilus., cuadros, diagramas, gráfs. |
||
| 590 |
_aBATCH-UPD _b10 _c20130110 _lUCH01 _h1139 |
||
| 590 |
_aBATCH-UPD _b10 _c20130410 _lUCH01 _h0725 |
||
| 590 |
_aBATCH-UPD _b10 _c20130913 _lUCH01 _h2234 |
||
| 590 |
_aCONVERSION _b10 _c20130109 _lUCH01 _h1354 |
||
| 650 | 1 | 4 |
_aAgricultura orgánica. _92005 |
| 650 | 1 | 4 |
_aAlimentos orgánicos. _94316 |
| 700 | 0 |
_aBlas Bustamante, Homero. _913133 |
|
| 700 | 1 |
_aGómez Cruz, Manuel Ángel _949661 |
|
| 901 | _aBK | ||
| 911 | _aen proceso | ||
| 942 | _cFOLL | ||
| 949 |
_aFolleto 17687 _bBC _cUACH _d33724002176975 _eUACH _i110287 _sb |
||
| 999 |
_c98629 _d98629 |
||